000 00516nam a2200181Ia 4500
008 240925s9999 xx 000 0 und d
020 _a9781111826611
082 _a174.4 FRA
100 _aFraedrich, John ; Ferrell, Linda
245 0 _aEthical Decision Making in Business: a managerial approach
250 _a9th
260 _aAustralia:
_bCENGAGE Learning
_c,2013.
300 _a1000p.
_bNA
_fOriginal
500 _aIncludes Index
600 _aHumanities & Natural Science
650 _aEthics
942 _cBK
999 _c15241
_d15241